00501nam a2200121Ia 4500008004100000245019200041260003500233260000900268300000800277500001500285650001300300856006600313170516s9999 xx 000 0 und d aApplication of Box-Behnken design for optimization of formulation parameters for nanostructured lipid carriers of candesartan cilexetil Hetal P. Thakkar, Jagruti L. Desai, Mayur P. Parmar bAsian Journal of Pharmaceutics c2014 a8:2 aApril-June xPharmacy uhttp://www.asiapharmaceutics.info/index.php/ajp/issue/view/48